000 00987nam a2200229Ia 4500
003 Ost
005 20260507075121.0
008 260507s9999||||xx |||||||||||||| ||und||
020 _a8163337977
040 _cfsecg
041 _aara
082 _a658.4012
100 _aتوفيق، عبد الرحمن
_eمؤلف
245 0 _aمنهج الإدارة العليا :
_bأدوات تقييم الأداء /
_c عبد الرحمن توفيق
260 _aالقاهرة:
_bمركز الخبرات المهنية للإدارة,
_c2004
300 _a101 صفحة؛
_bإيضاحات ؛
_c24 سم
490 _aسلسلة التنمية الإدارية الذاتية
_v59
520 _aطرق وأساليب تقييم الأداء- طرق تقييم الأداء استقصاء قياس فعالية أداء المرؤوسين- المدير والتطوير التنظيمي.
653 _aالإدارة
653 _aالإدارة الإستراتيجية
942 _cكتاب
999 _c43082
_d43082